000 00624nam a2200217Ii 4500
003 JO-AjNU
008 230606s9999||||xx |||||||||||||| ||und||
020 _a978-0-07-175310-4
040 _aJO-AjNU
_beng
_erda
_cJO-AjNU
041 _aeng
050 1 4 _aHD9715.A2.L44 2012
100 3 _aLevy, Sidney,
_eauthor
_94959
245 0 0 _aProject Management in construction
250 _a6 ed
264 3 1 _aNew York :Mcgraw hill ,2004
300 _a478p
336 _atext
_btxt
_2rdacontent
337 _aunmediated
_bn
_2rdamedia
338 _avolume
_bnc
_2rdacarrier
650 4 _aProject Management in construction
_94960
999 _aE2565
_c2563
_d2563